Loading...
| Social Science | 0 | 7 | 1 | 2 | 65 | 91 | 118.86 | 0 | 2 | 0.00 | 0.00 |
| History - European | 0 | 6 | 0 | 1 | 60 | 35 | 103.33 | 0 | 2 | 0.00 | 0.00 |
| Fine Arts - Classical Music | 0 | 4 | 0 | 1 | 40 | 105 | 128.50 | 0 | 0 | 0.00 | 0.00 |
| Current Events | 0 | 4 | 1 | 1 | 35 | 104 | 119.25 | 0 | 0 | 0.00 | 0.00 |
| Mythology | 0 | 4 | 1 | 0 | 35 | 49 | 105.00 | 0 | 1 | 0.00 | 0.00 |
| Philosophy | 0 | 3 | 0 | 0 | 30 | 67 | 86.67 | 1 | 1 | 0.00 | 0.00 |
| Science - Other | 0 | 3 | 0 | 1 | 30 | 108 | 118.67 | 0 | 0 | 0.00 | 0.00 |
| Science - Physics | 0 | 3 | 0 | 2 | 30 | 108 | 123.00 | 0 | 0 | 0.00 | 0.00 |
| Religion | 0 | 4 | 2 | 2 | 30 | 116 | 119.00 | 0 | 1 | 0.00 | 0.00 |
| Science - Chemistry | 0 | 3 | 2 | 0 | 20 | 86 | 101.67 | 0 | 0 | 0.00 | 0.00 |
| Fine Arts - Painting & Sculpture | 0 | 3 | 2 | 2 | 20 | 97 | 118.00 | 0 | 0 | 0.00 | 0.00 |
| Other Academic | 0 | 2 | 1 | 1 | 15 | 75 | 105.00 | 0 | 0 | 0.00 | 0.00 |
| History - Other | 0 | 2 | 1 | 1 | 15 | 96 | 114.00 | 1 | 1 | 0.00 | 0.00 |
| Fine Arts - Other | 0 | 2 | 1 | 1 | 15 | 113 | 116.50 | 0 | 0 | 0.00 | 0.00 |
| Geography | 0 | 1 | 0 | 0 | 10 | 86 | 86.00 | 0 | 1 | 0.00 | 0.00 |
| History - World | 0 | 1 | 0 | 0 | 10 | 145 | 145.00 | 0 | 0 | 0.00 | 0.00 |
| Literature - World | 0 | 1 | 0 | 0 | 10 | 76 | 76.00 | 0 | 1 | 0.00 | 0.00 |
| History - American | 0 | 1 | 1 | 0 | 5 | 47 | 47.00 | 0 | 1 | 0.00 | 0.00 |
| Science - Biology | 0 | 1 | 2 | 0 | 0 | 16 | 16.00 | 1 | 1 | 0.00 | 0.00 |
| Literature - European | 0 | 1 | 2 | 1 | 0 | 145 | 145.00 | 0 | 0 | 0.00 | 0.00 |